Direito administrativo sintético / (Record no. 668)

MARC details
000 -LÍDER
Campo Fixo de Controle 00623nam a2200217 a 4500
001 - NÚMERO DE CONTROLE
Campo de Controle 668
003 - IDENTIFICAÇÃO DO NÚMERO DE CONTROLE
Campo de Controle BR-CuiBMT
005 - DATA E HORA DA ÚLTIMA ATUALIZAÇÃO
Campo de Controle 20231127143637.0
008 - DADOS FIXOS
Dados Fixos 231113s2007 m a 000 0 por d
020 ## - INTERNATIONAL STANDARD BOOK NUMBER
Nº do ISBN 9788577000340
040 ## - AGÊNCIA CATALOGADORA
Código da Agência Catalogadora BR-CuiBMT
Agência que transcreveu o registro BR-CuiBMT
080 ## - Nº DA CLASSIFICAÇÃO DECIMAL UNIVERSAL
Nº edição CDU 2007
Nº Class. CDU 342.9
090 ## - NÚMERO DE CHAMADA
Nº classificação 342.9
Cutter G934d
100 1# - ENTRADA PRINCIPAL -- AUTOR PESSOAL
Nome pessoal Guerra, Evandro Martin,
Datas associadas ao nome 1966-
245 10 - TÍTULO PRINCIPAL
Título principal Direito administrativo sintético /
Indicação de responsabilidade Evandro Martins Guerra.
260 ## - PUBLICAÇÃO, DISTRIBUIÇÃO, ETC.
Local de publicação Belo Horizonte :
Editora Fórum,
Data 2007.
300 ## - DESCRIÇÃO FÍSICA
N. páginas ou volumes 454 p. :
Ilustrações il. color. ;
Dimensões 22 cm
504 ## - NOTA DE BIBLIOGRAFIA, ETC.
Nota de bibliografia Inclui bibliografia.
650 ## - ASSUNTO TÓPICO
Cabeçalho tópico ou nome geográfico Direito administrativo
Subdivisão geográfica Brasil
942 ## - ELEMENTOS DE ENTRADA ADICIONAIS (KOHA)
Fonte de classificação ou esquema de arquivamento Classificação Decimal Universal
Tipo de item do Koha Livros
Holdings
Estado: removido Estado: perdido Fonte de classificação ou esquema de arquivamento Estado: danificado Indisponível para empréstimo Localização permanente Localização atual Data de aquisição Total Checkouts Número de Chamada completo Código de barras Date last seen Número do exemplar Preço efetivo a partir de Tipo de item (Koha)
    Classificação Decimal Universal     Biblioteca da Escola Superior de Contas do TCE/MT Biblioteca da Escola Superior de Contas do TCE/MT 02/04/2013   342.9 G934d BIBTCEMT23110507 13/11/2023 Ex. 1 13/11/2023 Livros
    Classificação Decimal Universal     Biblioteca da Escola Superior de Contas do TCE/MT Biblioteca da Escola Superior de Contas do TCE/MT 02/04/2013   342.9 G934d BIBTCEMT23120647 16/12/2023 Ex. 2 13/11/2023 Livros

Powered by Koha